Dynamics,Control,and Flying Qualities of V/STOL Aircraft (Record no. 268146)
[ view plain ]
| 000 -LEADER | |
|---|---|
| fixed length control field | 00459 a2200133 4500 |
| 001 - CONTROL NUMBER | |
| control field | 33073 |
| 082 ## - DEWEY DECIMAL CLASSIFICATION NUMBER | |
| Classification number | 629.13335 FRA |
| 090 ## - LOCALLY ASSIGNED LC-TYPE CALL NUMBER (OCLC); LOCAL CALL NUMBER (RLIN) | |
| -- | 22203 |
| -- | 22203 |
| 100 ## - MAIN ENTRY--PERSONAL NAME | |
| Personal name | Franklin, J.S |
| 245 ## - TITLE STATEMENT | |
| Title | Dynamics,Control,and Flying Qualities of V/STOL Aircraft |
| 260 ## - PUBLICATION, DISTRIBUTION, ETC. | |
| Place of publication, distribution, etc. | Reston, |
| Name of publisher, distributor, etc. | AIAA Educ Series |
| Date of publication, distribution, etc. | 2002 |
| 300 ## - PHYSICAL DESCRIPTION | |
| Extent | xvi, 214 p. |
| 650 ## - SUBJECT ADDED ENTRY--TOPICAL TERM | |
| Topical term or geographic name entry element | vstol; v stol; VSTOL; V STOL; V/STOL |
| Location of event | vertical and/or short take-off and landing |
| General subdivision | vertical/or short take-off and landing |
| 942 ## - ADDED ENTRY ELEMENTS (KOHA) | |
| Institution code [OBSOLETE] | NUST-CAE |
| Call number prefix | 629.13335 FRA |
| Withdrawn status | Lost status | Damaged status | Not for loan | Collection code | Permanent Location | Current Location | Date acquired | Total Checkouts | Full call number | Barcode | Date last seen | Price effective from | Koha item type |
|---|---|---|---|---|---|---|---|---|---|---|---|---|---|
| College of Aeronautical Engineering (CAE) | College of Aeronautical Engineering (CAE) | 04/03/2017 | 629.13335 FRA | CAEN-2399 | 04/05/2017 | 04/05/2017 | Book |
